| 000 | 00832cam a22002777a 4500 | ||
|---|---|---|---|
| 001 | 14287238 | ||
| 003 | KLREWQAS | ||
| 005 | 20220326193251.0 | ||
| 008 | 060130s2005 cr 001 0 spa | ||
| 010 | _a 2006353611 | ||
| 020 | _a9968834769 | ||
| 040 |
_aDLC _cDLC |
||
| 050 | 0 | 0 | _aMLCS 2007/40258 (P) |
| 082 |
_a861.44 _bC847r |
||
| 100 | 1 |
_aCotter, Patrick. _9646 |
|
| 245 | 1 | 0 |
_aRosa Arcana : _bpoesía, 1987-1998 / _cPatrick Cotter. |
| 250 | _a1. ed. | ||
| 260 |
_aSan José, C.R. : _bEdiciones Perro Azul, _c2005. |
||
| 300 |
_a101 p. ; _c21 cm. |
||
| 440 | 0 |
_aColección de Poesía _9647 |
|
| 500 | _aIncludes index. | ||
| 650 |
_aLiteratura _xPoesia _zCosta Rica _9648 |
||
| 700 |
_aRosa Arcana _9649 |
||
| 906 |
_a7 _bcbc _corigres _d4 _encip _f20 _gy-gencatlg |
||
| 999 |
_c131 _d131 |
||